Infrared and Submillimeter Astronomy : Proceedings of a Symposium Held in Philadelphia, Penn., U.S.A., June 8-10, 1976 /

Bibliographic Details
Main Author: Fazio, Giovanni G.
Corporate Author: SpringerLink (Online service)
Format: eBook
Language:English
Published: Dordrecht : Springer Netherlands, 1977.
Series:Astrophysics and Space Science Library, A Series of Books on the Recent Developments of Space Science and of General Geophysics and Astrophysics Published in Connection with the Journal Space Science Reviews, ; 63.
Subjects:
Online Access:Connect to the full text of this electronic book

MARC

Tag First Indicator Second Indicator Subfields
LEADER 00000cam a2200000Ma 4500
001 in00003553821
006 m o d
007 cr nn|||||||||
008 121227s1977 ne o 000 0 eng d
005 20260420220358.7
020 |a 9789401012119 (electronic bk.) 
020 |a 9401012113 (electronic bk.) 
035 |a (OCoLC)840307858 
040 |a I9W  |b eng  |e pn  |c I9W  |d OCLCQ  |d UV0  |d OCLCO  |d GW5XE  |d OCLCF  |d UtOrBLW 
049 |a TXAM 
050 4 |a QB4 
082 0 4 |a 520  |2 23 
100 1 |a Fazio, Giovanni G. 
245 1 0 |a Infrared and Submillimeter Astronomy :  |b Proceedings of a Symposium Held in Philadelphia, Penn., U.S.A., June 8-10, 1976 /  |c edited by Giovanni G. Fazio. 
246 3 |a Proceedings of a Symposium held in Philadelphia, Penn., USA, June 8-10, 1976 
264 1 |a Dordrecht :  |b Springer Netherlands,  |c 1977. 
300 |a 1 online resource (236 pages) 
336 |a text  |b txt  |2 rdacontent 
337 |a computer  |b c  |2 rdamedia 
338 |a online resource  |b cr  |2 rdacarrier 
490 1 |a Astrophysics and Space Science Library, A Series of Books on the Recent Developments of Space Science and of General Geophysics and Astrophysics Published in Connection with the Journal Space Science Reviews, 0067-0057 ;  |v 63 
500 |a Electronic resource. 
650 0 |a Physics. 
650 7 |a Physics.  |2 fast  |0 (OCoLC)fst01063025 
655 7 |a Electronic books.  |2 local 
710 2 |a SpringerLink (Online service) 
830 0 |a Astrophysics and Space Science Library, A Series of Books on the Recent Developments of Space Science and of General Geophysics and Astrophysics Published in Connection with the Journal Space Science Reviews, ;  |v 63. 
856 4 0 |u http://proxy.library.tamu.edu/login?url=https://link.springer.com/10.1007/978-94-010-1211-9  |z Connect to the full text of this electronic book  |t 0 
994 |a 92  |b TXA 
999 |a MARS 
999 f f |s 9f342431-891b-31ba-a2d3-9ef9b1cc7536  |i 4917427f-b502-3092-8039-48f1de0598d5  |t 0 
952 f f |a Texas A&M University  |b College Station  |c Electronic Resources  |s www_evans  |d Available Online  |t 0  |e QB4  |h Library of Congress classification 
998 f f |a QB4  |t 0  |l Available Online